Fr. Conceicao Rodrigues College of Engineering

Microsoft ADO.NET step by step (Record no. 23287)

MARC details
000 -LEADER
fixed length control field 00312nam a2200145Ia 4500
082 ## - DEWEY DECIMAL CLASSIFICATION NUMBER
Classification number 5.75
Item number RIO
100 ## - MAIN ENTRY--PERSONAL NAME
Personal name Riordan/Rebecca M
245 ## - TITLE STATEMENT
Title Microsoft ADO.NET step by step
260 ## - PUBLICATION, DISTRIBUTION, ETC.
Name of publisher, distributor, etc. Microsoft
Date of publication, distribution, etc. 2002
300 ## - PHYSICAL DESCRIPTION
Extent 512
546 ## - LANGUAGE NOTE
Language note ENGLISH
-- PAMPHALETS
650 ## - SUBJECT ADDED ENTRY--TOPICAL TERM
Topical term or geographic name entry element ADO.NET
942 ## - ADDED ENTRY ELEMENTS (KOHA)
Koha item type BOOK
Holdings
Withdrawn status Lost status Damaged status Not for loan Collection Home library Current library Date acquired Total Checkouts Full call number Barcode Date last seen Price effective from Koha item type
        CRC Fr. Agnel's C.Rodrigues College of Engineering Fr. Agnel's C.Rodrigues College of Engineering 17/03/2023   5.75 RIO 20762 17/03/2023   BOOK